| 000 | 00415nam a22001337a 4500 | ||
|---|---|---|---|
| 020 | _a0073209279 | ||
| 040 | _cNUST | ||
| 082 |
_a620.105 _bVEC |
||
| 100 |
_aFerdinand P. Beer, E. Russell Johnston, Jr. _9124583 |
||
| 110 |
_aElliot R. Eisenberg, William E. Clausen _9124584 |
||
| 245 |
_aVector Mechanics for Engineers _bStatics and Dynamics |
||
| 650 |
_aVector Mechanics for Engineers _991899 |
||
| 942 |
_2ddc _cBK |
||
| 999 |
_c610405 _d610405 |
||